00796nam a2200241 a 450000100060000000300080000600500170001400800410003103500190007204000230009104100080011408200220012210000380014424500600018226000450024230000270028735000090031450400290032365000290035294200120038199900170039395201440041057803BD-RjUL20211209080544.0161212s1968 enk b 000 0 eng  a(BD-RjUL)57927 aDLCcDLCdDLCbeng aeng00a300223bVIC 19681 aVickers, Geoffrey,d1894-917165310aValue systems and social process /cby Geoffrey Vickers aLondon :bTavistock Publications,c1968. axxii, 217 p. ;c23 cm. a38/- aIncludes bibliographies. 0aSocial sciences.9171029 2ddccBK c57803d57803 00102ddc40718NFICaRUCLbRUCLcReadingd1973-08-15eBooks view, Dhakag60.50l0o300 VIC 1968r2016-12-12 00:00:00tC-1w2016-12-12yBK